00334nam a2200133Ia 4500003000900000008004100009040001300050040001300063245007800076245001100154260002100165300000800186490000600194IT-RoPAU120407s9999 xx 000 0 und d aIT-RoPAU cIT-RoPAU a50 domande a Dio. Risposte agli interrogativi di ragazzi dai 9 ai 14 anni cAA.VV. aEdizioni Paoline c cm v1